Breaking the silence : human rights violations based on sexual orientation /

שמור ב:
מידע ביבליוגרפי
מחבר תאגידי: Amnesty International (Author)
פורמט: ספר
שפה:אנגלית
יצא לאור: New York : Amnesty International Publications, 1994
תגים: הוספת תג
אין תגיות, היה/י הראשונ/ה לתייג את הרשומה!

MARC

LEADER 00000nam a22000007i 4500
001 IT\ICCU\UBO\3544798
003 ItRI
005 20260115231829.0
008 081217s1994 xxu|||||| ||||| |||||c
020 |a 0939994860 
040 |b ita  |c importazione bologna sebina 
041 7 |a eng  |2 ISO-639-2 
110 2 |a Amnesty International  |0 IT\ICCU\CFIV\002313  |4 aut 
245 0 0 |a Breaking the silence :  |b human rights violations based on sexual orientation /  |c Amnesty Intenational. 
260 |a New York :  |b Amnesty International Publications,  |c 1994 
300 |a 53 p. ;  |c 21 cm. 
942 |2 ddc  |c BK  |n 0 
952 |0 0  |1 0  |4 0  |6 DOC_323_300000000000000_AMN  |7 0  |9 13747  |a BO  |b BO  |d 2026-01-15  |i 3919  |l 0  |o DOC 323.3 AMN  |p BO3919  |r 2026-01-15 23:18:29  |w 2026-01-15  |x [Sebina 5] [1 v.]  |y BK  |z 1 v. 
999 |c 11824  |d 11824